| 000 | 01316cam a22003374a 4500 | ||
|---|---|---|---|
| 001 | 12131663 | ||
| 003 | OSt | ||
| 005 | 20180322185442.0 | ||
| 008 | 000804s2000 enk b 001 0 eng | ||
| 010 | _a 00062574 | ||
| 015 | _aGBA0-74072 | ||
| 020 | _a0415247616 (pbk.) | ||
| 035 | _a(OCoLC)ocm44768934 | ||
| 035 |
_a(OCoLC)44768934 _z(OCoLC)45314953 _z(OCoLC)50382437 |
||
| 040 |
_aDLC _cDLC _dC#P _dUKM _dBAKER _dNLGGC _dBTCTA _dDLC |
||
| 042 | _apcc | ||
| 050 | 0 | 0 |
_aHD58.9 _b.S735 2000 |
| 082 |
_a658.1 _bSTA 2000 |
||
| 100 | 1 |
_aStacey, Ralph D.; Griffin, Douglas; Shaw, Patricia _912408 |
|
| 245 | 1 | 0 |
_aComplexity and Management: _bfad or radical challenge to systems thinking? |
| 260 |
_aLondon ; _bRoutledge, _c2000. |
||
| 300 |
_ax, 224 p. ; _c24 cm. |
||
| 504 | _aIncludes bibliographical references (p. [214]-220) and index. | ||
| 650 | 0 |
_aStrategic management _912412 |
|
| 650 | 0 |
_aIndustrial management. _9619 |
|
| 856 | 4 | 1 |
_3Table of contents only _uhttp://www.loc.gov/catdir/toc/fy0704/00062574.html |
| 856 | 4 | 2 |
_3Publisher description _uhttp://www.loc.gov/catdir/enhancements/fy0650/00062574-d.html |
| 856 | 4 | 2 |
_3Contributor biographical information _uhttp://www.loc.gov/catdir/enhancements/fy1007/00062574-b.html |
| 906 |
_a7 _bcbc _corignew _d1 _eocip _f20 _gy-gencatlg |
||
| 942 |
_2ddc _cO_SHELF |
||
| 999 |
_c5984 _d5984 |
||